00610 2200241 4500001002100000005001700021008004100038035002400079082001900103090002600122100001800148245004700166250001000213260001600223300002700239440001700266650002100283850001700304980001600321985000600337986001000343999001500353YOGYA-0209000007079420090227093431.0 ind  0010-020900000070794 a306.8509598168 a306.8509598168bMan M aMANALU,Ismail aMengenal BatakcIsmail Manalu (Aman Sorta) aCet.1 bKiarac1985 av,196 hlmbilusc19 cm aSeri Pertama aKebudayaan Batak aBPADYOPDYOGB a14April2008 a1 aRTREV a08A0032942